Prostředky ochrany dýchacích orgánů určené k úniku z kontaminovaných prostorů /

Main Author: Florus, Stanislav, 1963-
Corporate Author: Univerzita obrany. Ústav ochrany proti zbraním hromadného ničení
Other Authors: Otřísal, Pavel, 1972-
Language: Czech
Published: Vyškov [i.e. Brno] : Univerzita obrany, 2009-2010
Edition: Vyd. 1.
Subjects:
Physical Description: 2 sv. : il. ; 30 cm
Subscribed volumes: 1-2-
Book
Saved in:
LEADER 02929nam a2200637 aa4500
001 nkc20092012919
003 CZ PrNK
005 20221114180848.0
007 ta
008 091127m20092010xr a e p 000 0 cze
015 |a cnb002012919 
020 |a 978-80-7231-673-1  |q (1. část ;  |q brož.) :  |c Kč 97,00 
020 |a 978-80-7231-605-2  |q (2. část ;  |q brož.) :  |c Kč 72,00 
035 |a (OCoLC)505914984 
040 |a BOA001  |b cze  |d ABA001 
072 7 |a 614.8  |x Úrazy a jejich prevence  |2 Konspekt  |9 14 
072 7 |a 37.016  |x Učební osnovy. Vyučovací předměty. Učebnice  |2 Konspekt  |9 22 
080 |a 614.89  |2 MRF 
080 |a 355.587  |2 MRF 
080 |a 614.894.4  |2 MRF 
080 |a 623.459.64  |2 MRF 
080 |a (075.8)  |2 MRF 
100 1 |a Florus, Stanislav,  |d 1963-  |7 mzk2007363541  |4 aut 
245 1 0 |a Prostředky ochrany dýchacích orgánů určené k úniku z kontaminovaných prostorů /  |c zpracoval Stanislav Florus 
250 |a Vyd. 1. 
260 |a Vyškov [i.e. Brno] :  |b Univerzita obrany,  |c 2009-2010 
300 |a 2 sv. :  |b il. ;  |c 30 cm 
500 |a Nad názvem: Ústav ochrany proti zbraním hromadného ničení Univerzity obrany 
500 |a Spoluautor 2. části Pavel Otřísal 
500 |a Na obálce označení S-3798 
500 |a Česko-anglický a anglicko-český terminologický slovník 
500 |a 40 výt. 
504 |a Obsahuje bibliografii a bibliografické odkazy 
505 0 |a 1. část. 2009. 134 s. -- 2. část. Prostředky ochrany dýchacích orgánů proti ZHN. 2010. 84 s. 
650 0 7 |a prostředky osobní ochrany  |7 ph124660  |2 czenas 
650 0 7 |a ochranná výstroj  |7 ph164356  |2 czenas 
650 0 7 |a dýchací přístroje  |7 ph234825  |2 czenas 
650 0 7 |a plynové masky  |7 ph124134  |2 czenas 
650 0 9 |a personal protective equipment  |2 eczenas 
650 0 9 |a protective equipment  |2 eczenas 
650 0 9 |a breathing apparatus  |2 eczenas 
650 0 9 |a gas masks  |2 eczenas 
653 0 |a ochranné prostředky dýchacích orgánů 
655 7 |a učebnice vysokých škol  |7 fd133772  |2 czenas 
655 9 |a textbooks (higher)  |2 eczenas 
700 1 |a Otřísal, Pavel,  |d 1972-  |7 mzk2007408423  |4 aut 
710 2 |a Univerzita obrany.  |b Ústav ochrany proti zbraním hromadného ničení  |7 olak2006319346 
740 0 2 |a Prostředky ochrany dýchacích orgánů proti ZHN 
910 2 |a BOA001  |b 4-1234.297  |s 1-2- 
990 |a BK 
995 |a 01 
991 |b 201001  |c NOV 
996 6 |b 2610403520  |c 4-1234.297  |d 1. část  |v 1  |l MZK  |r Sklad / do 1 hodiny  |n 1  |p p.v.  |w 001099898  |u 000010  |a 1  |e BOA001  |j MZK50  |s P 
996 7 |b 2610403521  |c 4-1234.297  |d 1. část  |v 1  |l MZK  |r Sklad / do 1 hodiny  |n 4  |p p.v.  |w 001099898  |u 000020  |a 1  |e BOA001  |j MZK50  |s A 
996 6 |b 2610453073  |c 4-1234.297  |d 2. část  |v 2  |l MZK  |r Sklad / do 1 hodiny  |n 0  |p p.v.  |w 001099898  |u 000030  |a 1  |e BOA001  |j MZK50  |s P 
996 7 |b 2610453074  |c 4-1234.297  |d 2. část  |v 2  |l MZK  |r Sklad / do 1 hodiny  |n 3  |p p.v.  |w 001099898  |u 000040  |a 1  |e BOA001  |j MZK50  |s A